<?xml version="1.0" encoding="UTF-8"?>
<record
    xmlns:xsi="http://www.w3.org/2001/XMLSchema-instance"
    xsi:schemaLocation="http://www.loc.gov/MARC21/slim http://www.loc.gov/standards/marcxml/schema/MARC21slim.xsd"
    xmlns="http://www.loc.gov/MARC21/slim">

  <leader>00809nam a22001337a 4500</leader>
  <datafield tag="040" ind1=" " ind2=" ">
    <subfield code="c">RUA</subfield>
  </datafield>
  <datafield tag="082" ind1=" " ind2=" ">
    <subfield code="a">ANS CHU 2015 B.648 Or.1</subfield>
  </datafield>
  <datafield tag="100" ind1=" " ind2=" ">
    <subfield code="a">CHUM BONA, &#x1787;&#x17BB;&#x17C6; &#x1794;&#x17BC;&#x178E;&#x17B6;</subfield>
  </datafield>
  <datafield tag="245" ind1=" " ind2=" ">
    <subfield code="a">&#x17A5;&#x1791;&#x17D2;&#x1792;&#x17B7;&#x1796;&#x179B;&#x1793;&#x17C3;&#x1782;&#x1798;&#x17D2;&#x179A;&#x17C4;&#x1784;&#x178A;&#x17C6;&#x178E;&#x17B6;&#x17C6;&#x1785;&#x17C6;&#x178E;&#x17B8;&#x179F;&#x178F;&#x17D2;&#x179C;&#x1791;&#x17C5;&#x179B;&#x17BE;&#x1794;&#x17D2;&#x179A;&#x1796;&#x17D0;&#x1793;&#x17D2;&#x1792;&#x1795;&#x179B;&#x17B7;&#x178F;&#x1780;&#x1798;&#x17D2;&#x1798;&#x1793;&#x17B7;&#x1784;&#x1791;&#x17B8;&#x1795;&#x17D2;&#x179F;&#x17B6;&#x179A;&#x1782;&#x17C4;&#x179A;&#x1794;&#x179F;&#x17CB;&#x1780;&#x179F;&#x17B7;&#x1780;&#x179A;&#x1793;&#x17C5;&#x179F;&#x17D2;&#x179A;&#x17BB;&#x1780;&#x1796;&#x17D2;&#x179A;&#x17C3;&#x1788;&#x179A; &#x1781;&#x17C1;&#x178F;&#x17D2;&#x178F;&#x1780;&#x17C6;&#x1796;&#x1784;&#x17CB;&#x1785;&#x17B6;&#x1798;,&#x200B; Impact of forage fordder bank on cattle production and market system of smallholder household in prey chhor district, kampong cham province.</subfield>
  </datafield>
  <datafield tag="260" ind1=" " ind2=" ">
    <subfield code="a">RUA</subfield>
    <subfield code="b">PHNOM  PENH</subfield>
    <subfield code="c">2015</subfield>
  </datafield>
  <datafield tag="300" ind1=" " ind2=" ">
    <subfield code="a">ix;46p.</subfield>
    <subfield code="b">ill; </subfield>
    <subfield code="c">29cm;</subfield>
  </datafield>
  <datafield tag="856" ind1=" " ind2=" ">
    <subfield code="u">https://drive.google.com/file/d/1uGPivV-Psw2ocyLI0mMX8f2t5oENvFk7/view?usp=sharing</subfield>
  </datafield>
  <datafield tag="942" ind1=" " ind2=" ">
    <subfield code="c">ANS</subfield>
  </datafield>
  <datafield tag="999" ind1=" " ind2=" ">
    <subfield code="c">18267</subfield>
    <subfield code="d">18267</subfield>
  </datafield>
  <datafield tag="952" ind1=" " ind2=" ">
    <subfield code="0">0</subfield>
    <subfield code="1">0</subfield>
    <subfield code="2">ddc</subfield>
    <subfield code="4">0</subfield>
    <subfield code="6">ANS_CHU_2015_000000000000000_B_648_OR_1</subfield>
    <subfield code="7">0</subfield>
    <subfield code="9">81898</subfield>
    <subfield code="a">LBA</subfield>
    <subfield code="b">LBA</subfield>
    <subfield code="d">2019-10-03</subfield>
    <subfield code="o">ANS CHU 2015 B.648 Or.1</subfield>
    <subfield code="p">A43709</subfield>
    <subfield code="r">2019-10-03</subfield>
    <subfield code="w">2019-10-03</subfield>
    <subfield code="y">ANS</subfield>
  </datafield>
  <datafield tag="952" ind1=" " ind2=" ">
    <subfield code="0">0</subfield>
    <subfield code="1">0</subfield>
    <subfield code="2">ddc</subfield>
    <subfield code="4">0</subfield>
    <subfield code="6">ANS_CHU_2015_000000000000000_B_648_OR_2</subfield>
    <subfield code="7">0</subfield>
    <subfield code="9">81899</subfield>
    <subfield code="a">LBA</subfield>
    <subfield code="b">LBA</subfield>
    <subfield code="d">2019-10-03</subfield>
    <subfield code="o">ANS CHU 2015 B.648 Or.2</subfield>
    <subfield code="p">A43634</subfield>
    <subfield code="r">2019-10-03</subfield>
    <subfield code="w">2019-10-03</subfield>
    <subfield code="y">ANS</subfield>
  </datafield>
  <datafield tag="952" ind1=" " ind2=" ">
    <subfield code="0">0</subfield>
    <subfield code="1">0</subfield>
    <subfield code="2">ddc</subfield>
    <subfield code="4">0</subfield>
    <subfield code="6">ANS_CHU_2015_000000000000000_B_648_OR_3</subfield>
    <subfield code="7">0</subfield>
    <subfield code="9">81900</subfield>
    <subfield code="a">LBA</subfield>
    <subfield code="b">LBA</subfield>
    <subfield code="d">2019-10-03</subfield>
    <subfield code="o">ANS CHU 2015 B.648 Or.3</subfield>
    <subfield code="p">A42537</subfield>
    <subfield code="r">2019-10-03</subfield>
    <subfield code="w">2019-10-03</subfield>
    <subfield code="y">ANS</subfield>
  </datafield>
  <datafield tag="952" ind1=" " ind2=" ">
    <subfield code="0">0</subfield>
    <subfield code="1">0</subfield>
    <subfield code="2">ddc</subfield>
    <subfield code="4">0</subfield>
    <subfield code="6">ANS_CHU_2015_000000000000000_B_648_OR_4</subfield>
    <subfield code="7">0</subfield>
    <subfield code="9">81901</subfield>
    <subfield code="a">LBA</subfield>
    <subfield code="b">LBA</subfield>
    <subfield code="d">2019-10-03</subfield>
    <subfield code="o">ANS CHU 2015 B.648 Or.4</subfield>
    <subfield code="p">A42462</subfield>
    <subfield code="r">2019-10-03</subfield>
    <subfield code="w">2019-10-03</subfield>
    <subfield code="y">ANS</subfield>
  </datafield>
  <datafield tag="952" ind1=" " ind2=" ">
    <subfield code="0">0</subfield>
    <subfield code="1">0</subfield>
    <subfield code="2">ddc</subfield>
    <subfield code="4">0</subfield>
    <subfield code="6">ANS_CHU_2015_000000000000000_B_648_OR_5</subfield>
    <subfield code="7">0</subfield>
    <subfield code="9">81902</subfield>
    <subfield code="a">LBA</subfield>
    <subfield code="b">LBA</subfield>
    <subfield code="d">2019-10-03</subfield>
    <subfield code="o">ANS CHU 2015 B.648 Or.5</subfield>
    <subfield code="p">A42312</subfield>
    <subfield code="r">2019-10-03</subfield>
    <subfield code="w">2019-10-03</subfield>
    <subfield code="y">ANS</subfield>
  </datafield>
  <datafield tag="952" ind1=" " ind2=" ">
    <subfield code="0">0</subfield>
    <subfield code="1">0</subfield>
    <subfield code="2">ddc</subfield>
    <subfield code="4">0</subfield>
    <subfield code="6">ANS_CHU_2015_000000000000000_B_648_OR_6</subfield>
    <subfield code="7">0</subfield>
    <subfield code="9">81903</subfield>
    <subfield code="a">LBA</subfield>
    <subfield code="b">LBA</subfield>
    <subfield code="d">2019-10-03</subfield>
    <subfield code="o">ANS CHU 2015 B.648 Or.6</subfield>
    <subfield code="p">A44196</subfield>
    <subfield code="r">2019-10-03</subfield>
    <subfield code="w">2019-10-03</subfield>
    <subfield code="y">ANS</subfield>
  </datafield>
  <datafield tag="952" ind1=" " ind2=" ">
    <subfield code="0">0</subfield>
    <subfield code="1">0</subfield>
    <subfield code="2">ddc</subfield>
    <subfield code="4">0</subfield>
    <subfield code="6">ANS_CHU_2015_000000000000000_B_648_OR_7</subfield>
    <subfield code="7">0</subfield>
    <subfield code="9">81904</subfield>
    <subfield code="a">LBA</subfield>
    <subfield code="b">LBA</subfield>
    <subfield code="d">2019-10-03</subfield>
    <subfield code="o">ANS CHU 2015 B.648 Or.7</subfield>
    <subfield code="p">A43204</subfield>
    <subfield code="r">2019-10-03</subfield>
    <subfield code="w">2019-10-03</subfield>
    <subfield code="y">ANS</subfield>
  </datafield>
</record>
